| 000 | 01188nam a22003137a 4500 | ||
|---|---|---|---|
| 003 | CHAP | ||
| 005 | 20220329134142.0 | ||
| 008 | 971013s1985 r 00010 d | ||
| 010 | _a16216 | ||
| 011 | _a17188 | ||
| 035 | _a21271 | ||
| 040 | _cCHAP | ||
| 090 | _aTesis | ||
| 100 | 0 | 0 |
_aGutiérrez Bolaños, Evelyn Patricia. _951633 |
| 245 | _aFertilización foliar (cosmocel 20-30-10) en diferentes fechas de aplicación y sus efectos en la pudrición apical del fruto en sandía (Citrullus vulgaris) en ciclo verano 1984 en Apodaca, N.L. | ||
| 260 |
_a(Monterrey, N.L.) : _bEl autor, _c1985 |
||
| 300 | _a69 h | ||
| 502 | _aTesis (Ing. Agrónomo Esp. en Producción Agrícola) -- ITESM. División de Ciencias Agropecuarias y Marítimas | ||
| 590 |
_aALEPH _b10 _c20130110 _lUCH01 _h1238 |
||
| 590 |
_aBATCH-UPD _b10 _c20130110 _lUCH01 _h2058 |
||
| 590 |
_aBATCH-UPD _b10 _c20130410 _lUCH01 _h1410 |
||
| 590 |
_aBATCH-UPD _b10 _c20130914 _lUCH01 _h1359 |
||
| 590 |
_aCONVERSION _b10 _c20130109 _lUCH01 _h1310 |
||
| 650 | 1 | 4 |
_aFertilización foliar. _940445 |
| 650 | 1 | 4 |
_aSandía _xEnfermedades. _9102063 |
| 901 | _aBK | ||
| 942 | _cTESIS | ||
| 949 |
_bBC _cTES _d-49548 _eTS1 _h17672 _i21271 _si |
||
| 999 |
_c16216 _d16216 |
||